| 000 | 00653nam a2200193 a 4500 | ||
|---|---|---|---|
| 001 | 53832 | ||
| 005 | 20180714044311.0 | ||
| 008 | 140415s1989 mx 000 0 spa d | ||
| 020 | _a9683901778 | ||
| 041 | _aspa | ||
| 082 |
_a306 _bBEN |
||
| 100 | 1 | _aBENEDETTI, MARIO | |
| 245 | 1 | 3 | _aLA CULTURA, ESE BLANCO MOVIL |
| 250 | _a1a ed. | ||
| 260 |
_aMEXICO : _bPATRIA, _c1989 |
||
| 300 |
_a238 _c12.2 x 0.4 x 19.4 |
||
| 520 | _aLOS ARTICULOS, CONFERENCIAS, PONENCIAS Y ENSAYOS BREVES QUE REUNE ESTE VOLUMEN, SELECCIONADOS ENTRE LOS QUE PUBLICO BENEDETTI ENTRE 1979 Y 1988 | ||
| 650 | 1 | 4 |
_aAUTORITARISMO _xCULTURA _xAMERICA LATINA _xLIBERTAD |
| 999 |
_c53832 _d53832 |
||